[Event "Sarajevo Bosnia 33rd"]
[Site "Sarajevo"]
[Date "2003.05.18"]
[Round "1"]
[White "Kozul, Zdenko"]
[Black "Shirov, Alexei"]
[Result "0-1"]
[WhiteElo "2601"]
[BlackElo "2735"]
[Annotator "Huebner,R"]
[PlyCount "68"]
[EventDate "2003.05.18"]
[EventType "tourn"]
[EventRounds "9"]
[EventCountry "BIH"]
[EventCategory "16"]
[SourceTitle "CBM 096"]
[Source "ChessBase"]
[SourceDate "2003.09.25"]
[SourceVersion "1"]
[SourceVersionDate "2003.09.25"]
[SourceQuality "1"]

1. d4 d5 2. c4 c6 3. Nf3 Nf6 4. Nc3 dxc4 5. a4 Bf5 6. e3 e6 7. Bxc4 Bb4 8. O-O
Nbd7 9. Qb3 a5 10. Be2 {Dies ist, soweit ich sehe, ein neuer Zug; besondere
Kraft scheint ihm nicht innezuwohnen. Üblichere Fortsetzungen sind zum
Beispiel:} (10. Na2 Be7 ({Nach} 10... Bd6 11. Qxb7 Rb8 12. Qa6 {ist es für
Schwarz schwer, Kompensation für den verlorenen Bauern nachzuweisen.}) 11. Nh4
(11. Qxb7 Rb8 12. Qa6 Ra8 13. Qxc6 Rc8 14. Qb5 Rb8 $11) 11... Be4 12. Nc3 Qb6 {
mit etwa gleichem Spiel.}) (10. Nh4 Bg6 11. g3 Qb6 12. Nxg6 hxg6 13. Rd1 O-O-O
14. Bf1 {mit scharfem Spiel und beiderseitigen Aussichten.}) 10... c5 {
Natürlich kommen hier andere Fortsetzungen in Betracht; ich verzichte auf ihre
Diskussion.} 11. Nh4 $6 {Nachdem Schwarz schon begonnen hat, Druck auf den
Punkt d4 auszuüben, bin ich von diesem Manöver nicht besonders angetan. Ich
hätte} (11. Na2 {versucht; meines Erachtens hat Weiß Aussichten, durch die
Eliminierung des schwarzfeldrigen Läufers des Nachziehenden einen kleinen
positionellen Vorteil zu erzielen.}) 11... Bg4 12. f3 $6 ({Nach} 12. Bxg4 Nxg4
13. Nf3 cxd4 {hat Weiß natürlich gar nichts. Die folgende Expansion birgt
jedoch große Risiken.}) 12... Bh5 13. g4 Bg6 14. g5 Ng8 15. f4 cxd4 16. exd4
Ne7 17. Nb5 (17. Be3 {sieht verständiger aus. Jetzt bezieht der Damenläufer
des Schwarzen eine vorteilhafte Position, und der Königsspringer des Weißen
bleibt außer Spiel.}) 17... Be4 18. Qe3 Bc6 19. Qh3 $6 {Die Bewegungen des
Weißen bleiben einigermaßen rätselhaft. Mit} (19. f5 e5 20. Rd1 Qb6 21. Kf1 {
konnte Weiß seinem zweifelhaften Aufbau wenigstens einigen Pfeffer geben.})
19... O-O 20. Bd3 g6 $17 21. b3 $2 ({Nach} 21. Rf2 {darf Weiß eine langwierige,
mühselige Verteidigung führen; der Textzug führt schneller zum offenbar
angestrebten Ziel - einem raschen Verlust.}) 21... Nc5 22. Bc4 Bxb5 23. axb5
Qxd4+ 24. Be3 Qe4 $19 25. Qf3 Nd5 26. Ng2 Rfd8 27. Kh1 Qxf3 28. Rxf3 Nb6 29.
Bg1 a4 30. Ne3 axb3 31. Rb1 Ra3 32. Bf1 Nba4 33. Ng4 b2 34. Rf2 Bc3 0-1

[Event "Pamplona"]
[Site "Pamplona"]
[Date "1999.12.28"]
[Round "2"]
[White "Gelfand, Boris"]
[Black "Almasi, Zoltan"]
[Result "1/2-1/2"]
[WhiteElo "2713"]
[BlackElo "2663"]
[Annotator "Huebner,R"]
[PlyCount "46"]
[EventDate "1999.12.27"]
[EventType "tourn"]
[EventRounds "9"]
[EventCountry "ESP"]
[EventCategory "15"]
[SourceTitle "CBM 075"]
[Source "ChessBase"]
[SourceDate "2000.04.05"]
[SourceVersion "1"]
[SourceVersionDate "2000.04.05"]
[SourceQuality "1"]

1. d4 d5 2. c4 c6 3. Nc3 Nf6 4. Nf3 dxc4 5. a4 Bf5 6. e3 e6 7. Bxc4 Bb4 8. O-O
O-O 9. Nh4 Nbd7 10. f3 Bg6 11. e4 e5 12. Nxg6 hxg6 13. Be3 Qb6 14. Kh1 Rad8 (
14... a5 15. f4 $1 exd4 16. Bxd4 Bc5 17. Bxf6 $1 Nxf6 18. e5 Qxb2 19. Rc1 Rad8
20. Qf3 $16 {Cebalo,M-Campora,D, Bern 1988, i45/445}) (14... exd4 15. Bxd4 Bc5
16. a5 $1 Qc7 17. f4 { e5 >>}) 15. f4 {Dies ist, soweit ich sehe, ein neuer
Versuch. Die bisher gewählten Fortsetzungen scheinen nicht geeignet zu sein,
dem Weißen einen Vorteil zu verschaffen:} (15. Ne2 a5 16. Qb3 Qc7 {TN} (16...
exd4 17. Bxd4 Bc5 18. Qxb6 Bxb6 19. Bc3 $14 {Huzman,A-Milov, SU 1989, i48(505)}
) 17. Rac1 exd4 18. Nxd4 Qe5 19. Rfd1 Nh5 $1 20. Ne6 $5 (20. g3 Nxg3+ 21. hxg3
Qxg3 $44) 20... fxe6 21. Bxe6+ Kh7 22. Rxd7 (22. Bxd7 $2 Bd6) 22... Bd6 23. Bg1
Nf4 24. Rxd8 Rxd8 25. Bc4 Nxg2 $1 26. Rd1 Nh4 27. Bf1 Rf8 28. Rd3 {1/2-1/2
Sokolov,I-Horvath,C/Stary Smokovec 1991/CBM 26/[Hertneck] (28)}) 15... Bxc3 16.
bxc3 Nxe4 17. Qf3 exd4 18. Bxd4 c5 {Das Ergebnis des Versuches 15.f4 wird
deutlich: Weiß hat nichts.} 19. Bxg7 ({Die Fortsetzung} 19. Qxe4 cxd4 20. cxd4
Nf6 21. Qxg6 Qxd4 {schlägt zum Vorteil von Schwarz aus.} 22. Ba2 Ne4 23. g3 Rd6
{mit entscheidendem Angriff.}) 19... Nd2 20. Qe2 Nxf1 (20... Kxg7 21. Qxd2 Ne5
22. Bd5 Nc4 23. Qd3 Qd6 {genügt zum Ausgleich. Mit dem Textzug kann Schwarz
auf mehr hoffen.}) 21. Bxf8 Ng3+ 22. hxg3 Kxf8 23. g4 Qf6 $15 1/2-1/2

[Event "Sarajevo Bosnia 30th"]
[Site "Sarajevo"]
[Date "2000.05.20"]
[Round "4"]
[White "Sokolov, Ivan"]
[Black "Shirov, Alexei"]
[Result "1/2-1/2"]
[WhiteElo "2637"]
[BlackElo "2751"]
[Annotator "Huebner,R"]
[PlyCount "53"]
[EventDate "2000.05.17"]
[EventType "tourn"]
[EventRounds "11"]
[EventCountry "BIH"]
[EventCategory "19"]
[SourceTitle "CBM 077"]
[Source "ChessBase"]
[SourceDate "2000.07.27"]
[SourceVersion "1"]
[SourceVersionDate "2000.07.27"]
[SourceQuality "1"]

1. d4 d5 2. c4 c6 3. Nf3 Nf6 4. Nc3 dxc4 5. a4 Bf5 6. e3 e6 7. Bxc4 Nbd7 8. O-O
Bb4 9. Nh4 O-O 10. Nxf5 exf5 11. Qc2 g6 12. f3 Rc8 13. Kh1 (13. Rd1 Qe7 {
1/2-1/2 Krizsany,L-Ribli,Z/AUT 1996/EXT 99 (13)}) 13... c5 14. Na2 {Der
Textzug bringt dem Weißen keinen Vorteil.} (14. d5 Nb6 15. Ba2 c4 16. e4 fxe4
17. fxe4 Ng4 18. Qe2 Ne5 19. Be3 a6 20. Bd4 Bd6 21. Rad1 Nbd7 22. b3 cxb3 23.
Bxb3 Qa5 24. Qb2 Rfe8 25. h3 {1/2-1/2 Lautier,J-Sakaev,K/Las Vegas 1999/CBM
72_08 (25)}) 14... Ba5 15. dxc5 Qe7 16. b4 {Nach anderen Fortsetzungen droht
Weiß in Nachteil zu geraten.} Bxb4 17. Nxb4 Qxc5 18. Bb3 ({Die Fortsetzung} 18.
Bxf7+ Rxf7 19. Qb2 {ergibt eine ungefähr ausgeglichene Stellung.}) 18... Qxb4
19. Ba3 Qh4 20. Qa2 Nc5 21. Bc4 Nfd7 (21... b6 22. a5 {kommt letzten Endes auf
dasselbe hinaus.}) 22. a5 b6 23. Rac1 Ne5 24. axb6 axb6 25. Bd5 Rc7 26. Qb1 Rd7
27. Bxc5 1/2-1/2

[Event "Goodricke op 13th"]
[Site "Kolkata"]
[Date "2002.03.18"]
[Round "2"]
[White "Fominyh, Alexander"]
[Black "Sundararajan, Kidambi"]
[Result "1-0"]
[WhiteElo "2536"]
[BlackElo "2412"]
[Annotator "Huebner,R"]
[PlyCount "95"]
[EventDate "2002.03.17"]
[EventType "swiss"]
[EventRounds "11"]
[EventCountry "IND"]
[SourceTitle "CBM 088"]
[Source "ChessBase"]
[SourceDate "2002.03.21"]
[SourceVersion "1"]
[SourceVersionDate "2002.03.21"]
[SourceQuality "1"]

1. d4 d5 2. c4 c6 3. Nf3 Nf6 4. Nc3 dxc4 5. a4 Bf5 6. e3 e6 7. Bxc4 Bb4 8. O-O
O-O 9. Nh4 Nbd7 10. f3 Bg6 11. e4 e5 12. dxe5 Nxe5 13. Be2 Qe7 (13... Nfd7 14.
Nxg6 Nxg6 15. f4 (15. Be3 $11) 15... Nc5 (15... Qe7 16. e5 Rfd8 17. Qb3 a5 18.
Be3 Ngf8 19. Kh1 $14 {1/2-1/2 Cebalo,M-Ninov,K/Brocco op 1988 (44)}) 16. Be3
Qa5 17. Qc2 Bxc3 18. bxc3 Rae8 19. e5 f6 20. Bc4+ Kh8 21. Rf3 $16 {
Yevseev-Morozevich, St. Petersburg 1998.}) 14. Qb3 Rad8 15. Be3 Nd5 $2 (15...
Bc5 {führt zum Ausgleich.}) 16. exd5 Qxh4 17. Rad1 $2 ({Bessere Aussichten
bietet} 17. Bxa7 Bxc3 18. bxc3 Rxd5 19. Qxb7 Rd7 20. Qa6 Ra8 21. Bf2 Nxf3+ 22.
Bxf3 Qxf2+ 23. Kxf2 Rxa6 24. Rfe1 Kf8 25. a5 $16 {mit beachtlichem Vorteil für
Weiß.}) 17... Qe7 {Dies genügt zum Ausgleich. Einfacher ist} (17... a5 $11) 18.
Bxa7 b5 19. Bf2 ({Zu einer Remisstellung führt auch die Fortsetzung} 19. Bb6
bxa4 20. Nxa4 Rxd5 21. Rxd5 cxd5 22. Qxd5 Nd7 23. Bf2 Qxe2 24. Qxd7 Bd3) 19...
bxa4 20. Nxa4 cxd5 21. Nb6 $6 (21. Rxd5 {scheitert an} Bc2) (21. Bb6 Rc8 22.
Rxd5 Bc2 23. Qe3 Nxf3+ {mit Ausgleich.}) 21... Bc5 $4 {Der Textzug kostet
ersatzlos einen Bauern. Zum Vorteil führt} (21... d4 22. Ba6 (22. Rxd4 {
scheitert an} Rxd4 23. Bxd4 Nc6 24. Be3 Bc2 {, und Schwarz gewinnt.}) (22. Nd5
{wird mit} Rxd5 23. Qxd5 Rd8 24. Qb5 d3 {widerlegt.}) 22... Bc5 23. Na4 Ba7 {
, und der Figurenaufstellung des Weißen mangelt es an Koordination.}) 22. Nxd5
Bxf2+ 23. Rxf2 Qc5 24. f4 Bc2 ({Auf} 24... Nd3 {folgt} 25. Nf6+ gxf6 26. Bxd3
Bxd3 27. Rxd3 Rxd3 28. Qxd3 Ra8 29. g3 {Schwarz wird dieses Endspiel nicht
halten können.}) 25. Ne7+ $6 ({Zum sofortigen Gewinn führte} 25. Qb5 Qxb5 26.
Ne7+ Kh8 27. Rxd8 Rxd8 28. Bxb5 Rd1+ 29. Bf1 Ng4 (29... Ng6 30. Rxc2 Nxe7 31.
Rc7 {ist hoffnungslos für Schwarz.}) 30. Rxc2 Rxf1+ 31. Kxf1 Ne3+ 32. Ke2 Nxc2
33. Nc6 {usw.}) 25... Kh8 $6 (25... Qxe7 26. Qxc2 Rxd1+ 27. Bxd1 Nd7 {bot
bessere Möglichkeiten der Gegenwehr.}) 26. Rxd8 Rxd8 27. Qc3 (27. Qa3 $5 {
sieht genauer aus.}) 27... Qxc3 (27... Qxe7 $5) 28. bxc3 Nd3 29. Bxd3 Bxd3 30.
Rd2 g6 31. Kf2 Rd7 32. Ke3 Rxe7+ 33. Kxd3 Rd7+ 34. Kc2 $18 Rc7 35. Kb3 Rb7+ 36.
Ka4 Kg7 37. c4 Kf6 38. c5 Rb1 39. c6 Ke7 40. Ka5 h5 41. c7 Rc1 42. Kb6 Rb1+ 43.
Kc6 Rc1+ 44. Kb7 Rb1+ 45. Kc8 Rb4 46. g3 h4 47. Re2+ Kf6 48. Re8 1-0

[Event "Petrov Memorial op"]
[Site "St Petersburg"]
[Date "2000.02.12"]
[Round "5"]
[White "Lugovoi, Aleksei"]
[Black "Kovalevskaya, Ekaterina"]
[Result "1/2-1/2"]
[WhiteElo "2515"]
[BlackElo "2451"]
[Annotator "Huebner,R"]
[PlyCount "57"]
[EventDate "2000.02.05"]
[EventType "swiss"]
[EventRounds "9"]
[EventCountry "RUS"]
[SourceTitle "CBM 076"]
[Source "ChessBase"]
[SourceDate "2000.05.31"]
[SourceVersion "1"]
[SourceVersionDate "2000.05.31"]
[SourceQuality "1"]

1. d4 d5 2. c4 c6 3. Nf3 Nf6 4. Nc3 dxc4 5. a4 Bf5 6. e3 e6 7. Bxc4 Bb4 8. O-O
Nbd7 9. Qe2 Bg4 10. Rd1 Qa5 11. e4 Qh5 (11... e5 12. d5 O-O 13. h3 Bxf3 14.
Qxf3 Bxc3 15. bxc3 Nb6 16. Bb3 cxd5 17. exd5 Rac8 18. c4 Nxc4 {Dieser Zug
wurde von Kharitonov in seinen Kommentaren zur berühmten Partie
Kasparov-Bareev, Novgorod 1994 (7), angegeben; auch Kasparov erwähnt ihn in
seinen Anmerkungen im Inf. 61/392.} 19. d6 $2 ({Nötig ist} 19. Bg5 {
(Kharitonov, Kasparov)} e4 $5 (19... Nd7 20. d6 $16 {Kasparov}) (19... Qa6 20.
d6 (20. Bxc4 Rxc4 21. d6 Nd7 22. Be7 $13 {(Hertneck)}) 20... Nxd6 21. Bxf6 gxf6
22. Qxf6 Nc4 23. Qxa6 bxa6 24. Rd7 $16 {Kasparov}) 20. Qf5 (20. Qg3 Nxd5 21.
Bxc4 (21. Bh6 Qc3) (21. Rac1 Ndb6 22. Bf6 g6 $13) 21... Rxc4 22. Bh6 Qc3 23.
Ra3 Qf6 24. Bxg7 Qxg7 25. Rxd5 $11) 20... Nd6 21. Qe5 Qd8 $11) 19... Nxd6 $19
20. Rxd6 Qe1+ 21. Kh2 Rxc1 22. Rxf6 (22. Rxc1 Qxc1 23. Qxb7 Qf4+ 24. Kg1 Ne4
$19) 22... gxf6 23. Qxf6 Qg1+ 24. Kg3 Rc3+ 25. f3 Qe3 $19 {0-1 Salnikov,
A-Minasian,A/Omsk 1996/CBM 57/ (55)}) 12. Rd3 {Dies ist ein neuer Versuch, der
zu unübersichtlichen Verwicklungen führt. . Bisher sah man:} (12. h3 Bxf3 13.
Qxf3 Qxf3 14. gxf3 O-O 15. a5 (15. Be3 Rfd8 16. Be2 h6 17. Rac1 a5 18. Nb1 Nf8
19. Nc3 {1/2-1/2 Khalifman,A-Hector,J/Aaland-Stockholm 1997/EXT 98 (19)}) 15...
a6 16. Be2 Rfd8 17. Ra4 Be7 18. f4 Ne8 19. Be3 Rac8 20. Bf3 Nd6 21. Be2 g6 22.
Raa1 {1/2-1/2 Khalifman,A-Georgiev,K/Elenite 1994/CBM 44 (22)}) (12. e5 Bxf3
13. gxf3 Nd5 14. Ne4 O-O 15. Ng3 Qh4 16. Qe4 Qe7 17. Bd3 f5 18. exf6 N7xf6 {
, und Schwarz steht sicher nicht schlechter.1-0 De Boer,G-Komarov,D/Amsterdam
1995/EXT 97 (62)}) 12... e5 13. h3 Bxf3 14. Rxf3 {Dies ist riskant.} (14. Qxf3
Qxf3 15. gxf3 {würde den Zug 12.Td3 als völlig sinnlos dartun.}) 14... exd4 15.
g4 ({Die Fortsetzung} 15. Rf5 Qxe2 16. Nxe2 g6 17. Rf3 Be7 {ist unbefriedigend
für Weiß.}) 15... Qc5 (15... Qe5 {läßt dem Weißen weniger Auswahl.}) 16. Rf5 (
16. Na2 {kam ebenfalls in Betracht.}) 16... Qe7 17. g5 $2 ({Besser ist} 17. Na2
h6 (17... g6 18. Rf3 {verbessert nur die Lage des Weißen.}) (17... Bc5 18. g5
Nxe4 19. Rxf7 {ist nachteilig für Schwarz.}) 18. e5 Nd5 19. Bxd5 cxd5 20. Nxb4
Qxb4 21. e6 Nf6 {mit unklarer Stellung.}) 17... dxc3 18. gxf6 gxf6 19. bxc3 Bd6
(19... Bxc3 {bietet gute Gewinnaussichten.}) 20. Rb1 Nc5 21. Ba3 Rg8+ 22. Kh1
Qxe4+ 23. Qxe4+ Nxe4 24. Rxb7 O-O-O (24... Bxa3 25. Bxf7+ Kf8 26. Bxg8 Kxg8 27.
Rf4 {Die Aktivität des Weißen genügt zum Remis.}) 25. Ba6 Bxa3 26. Re7+ Kb8 27.
Rxe4 Rd1+ 28. Kh2 Rdg1 29. Re8+ 1/2-1/2

[Event "Novak Nikolic Memorial 2nd"]
[Site "Belgrade"]
[Date "2000.02.04"]
[Round "2"]
[White "Shcherbakov, Ruslan"]
[Black "Zontakh, Andrey"]
[Result "1/2-1/2"]
[WhiteElo "2552"]
[BlackElo "2576"]
[Annotator "Huebner,R"]
[PlyCount "75"]
[EventDate "2000.02.02"]
[EventType "tourn"]
[EventRounds "11"]
[EventCountry "YUG"]
[EventCategory "11"]
[SourceTitle "CBM 076"]
[Source "ChessBase"]
[SourceDate "2000.05.31"]
[SourceVersion "1"]
[SourceVersionDate "2000.05.31"]
[SourceQuality "1"]

1. d4 d5 2. c4 c6 3. Nf3 Nf6 4. Nc3 dxc4 5. a4 Bf5 6. Nh4 e6 7. Nxf5 exf5 8. e3
Bb4 9. Bxc4 O-O 10. O-O Nbd7 11. Qc2 g6 12. f3 Rc8 13. Kh1 c5 14. d5 $6 (14.
Na2 {sieht besser aus.}) 14... Nb6 15. Ba2 c4 16. e4 fxe4 17. Bg5 ({Nach} 17.
fxe4 Ng4 18. Bf4 Qe7 {hat Schwarz positionellen Vorteil.}) 17... Bxc3 18. bxc3
e3 19. Bxe3 ({Nach} 19. Rad1 Qe8 20. Rfe1 Nfxd5 21. Bh6 Rc5 {ist die Lage
ebenfalls unerfreulich für Weiß.}) 19... Nfxd5 20. Bh6 $6 ({Auf} 20. Bd4 {folgt
} Nb4 {aber Weiß sollte mit}) (20. Bg1 {danach streben, den Läufer später auf
d4 zu verankern.}) 20... Re8 21. Rad1 $2 (21. a5 {sollte versucht werden.})
21... a5 22. Rd4 Re5 23. Qd2 Qe7 24. Re4 f5 ({Ich sehe nicht, was gegen} 24...
Rxe4 25. fxe4 Qxe4 {spricht.}) 25. Bg5 Qe6 26. Rxe5 Qxe5 27. Re1 Qxc3 28. Qe2
Kg7 29. Rc1 Qd4 30. Rd1 Re8 31. Qf1 Qc5 32. Rc1 c3 {Es ist überflüssig, dem
Läufer auf a2 Wirksamkeit zu verschaffen. Einfacher war} (32... f4 {mit
baldigem Sieg.}) 33. Bh4 Nxa4 34. Bf2 Ne3 35. Qd3 Re7 $2 ({Zum Gewinn genügen
sollte} 35... b5 36. Bh4 ({Nach} 36. Qd7+ Re7 37. Qd8 Qe5 {hat Schwarz
gegenüber der Partiefortsetzung ein entscheidendes Tempo gewonnen.}) 36... Nb6
37. Rxc3 Qe5 {, und der Mehrbesitz des Schwarzen sollte zum Sieg ausreichen.})
36. Qd8 b5 ({Nicht besser ist} 36... Qb4 {Es folgt} 37. Bg3 Kh6 38. Bd6 Qb2 39.
Rg1 Qxa2 40. Bxe7 {, und Weiß hat entscheidenden Angriff.}) 37. Qg8+ Kh6 38.
Qf8+ {Die Stellung ist unklar, doch scheint mir Weiß das aussichtsreichere
Spiel zu besitzen, zum Beispiel:} (38. Qf8+ Kh5 (38... Kg5 {scheitert an} 39.
Bh4+ $18) 39. g4+ fxg4 40. fxg4+ Kg5 (40... Kxg4 {ist unzuträglich} 41. Rg1+
Kh5 42. Qf6 Kh6 43. Rg3 $18 {, und Weiß gewinnt.}) 41. h4+ Kxg4 42. Rg1+ Kh5
43. Rg5+ Qxg5 44. hxg5 Nf5 45. Bb1 Re5 46. Kg2 {, und Weiß dürfte gewinnen,
denn der König des Schwarzen befindet sich in zu großen Nöten.}) 1/2-1/2

[Event "EU-ch 3rd"]
[Site "Batumi"]
[Date "2002.06.13"]
[Round "2"]
[White "Sturua, Zurab"]
[Black "Atakisi, Umut"]
[Result "1-0"]
[WhiteElo "2565"]
[BlackElo "2358"]
[Annotator "Huebner,R"]
[PlyCount "83"]
[EventDate "2002.06.12"]
[EventType "swiss"]
[EventRounds "13"]
[EventCountry "GEO"]
[SourceTitle "CBM 090"]
[Source "ChessBase"]
[SourceDate "2002.09.20"]
[SourceVersion "1"]
[SourceVersionDate "2002.09.20"]
[SourceQuality "1"]

1. d4 d5 2. c4 c6 3. Nf3 Nf6 4. Nc3 dxc4 5. a4 Bf5 6. e3 e6 7. Bxc4 Bb4 8. O-O
O-O 9. Nh4 Bg4 10. f3 Nd5 11. fxg4 Qxh4 12. Qf3 Nd7 13. Bd2 a5 14. Rad1 Qe7 {
Die Stellung bietet ihrem Charakter nach dem Schwarzen wenig Möglichkeiten zum
Handeln. Man sehe:} (14... Rad8 15. Bb3 N5f6 16. h3 c5 17. Be1 Qg5 18. Bg3 cxd4
19. exd4 e5 20. Nb5 exd4 21. Nxd4 Qc5 22. Bf2 Qe5 23. Bg3 Qc5 24. Qf5 Qb6 25.
Kh1 $16 {(xf7) 1-0 Karpov,A-Kupreichik,V/Riga 1975/MCD (42). (41)}) 15. Bb3
N5b6 {Dies ist gegen den Vorstoß e3-e4 gerichtet.} 16. h3 Rad8 17. Bc1 Kh8 $6 (
17... Bd6 $5 {sieht besser aus.}) 18. Bc2 f5 {Dieser Vorstoß führt zu einer
Öffnung der Stellung und begünstigt so den Weißen.} (18... Nc4 $5 {ist
geduldiger; der Textzug führt jedoch nicht zum Verlust.}) 19. Qe2 fxg4 20. Qxg4
Nd5 21. Ne2 (21. Bd2 $5) 21... Bd6 (21... e5 $5 {lohnte versucht zu werden:}
22. Qh5 N5f6 23. Qh4 Bd6 24. Ng3 exd4 25. Nf5 Qe5 26. Nxd6 Qxd6 27. Rxd4 Qc5 {
usw.}) 22. Qh5 N5f6 $6 (22... N7f6 23. Qh4 Nb4 24. Bb1 Kg8 {hält die Stellung.}
) 23. Qh4 (23. Qxa5 $5 {kommt auch in Betracht:} e5 24. Ng3 g6 25. Ne2) 23...
c5 $6 {Dies scheint mir ein strategischer Fehler zu sein; Schwarz darf das
Feld b5 nicht freigeben.Der richtige Vorstoß ist e6-e5.} ({Sofortiges} 23... e5
24. Ng3 exd4 25. Nf5 Qe5 26. Nxd6 Qxd6 27. Rxd4 Qc5 {kam wiederum in Betracht.}
) 24. Nc3 h6 25. Bb3 $6 (25. Nb5 {ist besser.}) 25... Nb6 26. Nb5 Bb8 $2 ({Nach
} 26... c4 27. Bc2 Nfd5 {geht der Kampf weiter.}) 27. Bd2 cxd4 28. exd4 (28.
Bxa5 dxe3 29. Rxd8 Qxd8 30. Rd1 {führt sofort zum Gewinn.}) 28... Nbd5 29. Rf3
{Warum nicht 29.La5:?} b6 30. Re1 Qd7 31. Bc2 Rc8 32. Bb1 Kg8 33. Ref1 e5 $2 {
Schließlich verliert Schwarz die Nerven.} (33... Qe7 $14) 34. Bf5 $18 Qe7 35.
Bxc8 Rxc8 36. Nc3 Rxc3 37. bxc3 e4 38. Rxf6 gxf6 39. Qg4+ Kf7 40. Qh5+ Ke6 41.
Qf5+ Kd6 42. c4 1-0

[Event "FIDE World Cup"]
[Site "Khanty-Mansiysk"]
[Date "2005.11.29"]
[Round "1.4"]
[White "Krasenkow, Michal"]
[Black "Amonatov, Farrukh"]
[Result "0-1"]
[WhiteElo "2655"]
[BlackElo "2572"]
[Annotator "Huebner,R"]
[PlyCount "84"]
[EventDate "2005.11.27"]
[EventType "k.o."]
[EventRounds "7"]
[EventCountry "RUS"]
[SourceTitle "CBM 111"]
[Source "ChessBase"]
[SourceDate "2006.04.04"]
[SourceVersion "1"]
[SourceVersionDate "2006.04.04"]
[SourceQuality "1"]

1. d4 d5 2. c4 c6 3. Nf3 Nf6 4. Nc3 dxc4 5. a4 Bf5 6. e3 e6 7. Bxc4 Nbd7 8. a5
{Dieser Versuch, die Zugumstellung des Schwarzen auszunutzen, bringt meines
Erachtens nichts Besonderes ein.} (8. O-O {führt nach} Bb4 {zur Hauptvariante.
Schwarz kann seinen Königsläufer auch auf andere Felder ziehen, doch dürfte
ihm das keine besonderen Vorteile verschaffen.}) 8... b5 9. axb6 axb6 10. Rxa8
Qxa8 11. Nh4 (11. O-O Bb4 12. Nh4 Bg6 13. Qb3 Be7 14. Nxg6 hxg6 $11 {0-1
Dautov,R-Schlindwein,R/Germany 2000/CBM 082 ext (40). (40)}) 11... Bg4 12. f3
Bh5 13. g4 Bg6 14. e4 b5 15. Bb3 Nb6 16. O-O Be7 17. g5 {Dieser Plan, der den
Abtausch des Königspringers gegen den Läufer auf g6 beinhaltet, gefällt mir
nicht sonderlich. Ich hätte} (17. Ng2 {vorgezogen, um mit Lc1-e3 fortzufahren
und zu versuchen, aus der schlechten Stellung der Figuren des Schwarzen am
Königsflügel Nutzen zu ziehen.}) 17... Nfd7 18. Nxg6 hxg6 19. Be3 Qb8 20. Rf2
O-O 21. f4 b4 22. Na4 (22. Ne2 c5 {ergibt eine vollkommen befriedigende
Stellung für Schwarz.}) 22... Nxa4 23. Bxa4 Nb6 $6 {Dieses Bauernopfer ist von
zweifelhaftem Wert. Nach} (23... Rc8 24. Rc2 Qa8 {dürfte die Stellung ungefähr
ausgeglichen sein.}) 24. Bxc6 Nc4 25. Bc1 (25. Qe2 Nxe3 26. Qxe3 Qb6 27. Rc2
Rd8 28. Rc4 Rxd4 {führt zum Remis.}) 25... Qb6 26. Ba4 $6 (26. Rc2 Qxc6 27. Qe2
Rc8 28. b3 Bc5 29. dxc5 Nd6 ({oder} 29... Na3 30. Bxa3 bxa3 31. Qe3) 30. Bd2
Nxe4 31. Bxb4 {gibt dem Weißen die Möglichkeit, auf Gewinn zu spielen, wenn
ich auch glaube, daß Schwarz über ausreichendes Gegenspiel verfügen sollte,
weil es der Stellung des Königs von Weiß an Schutz mangelt. Jetzt gerät Weiß
in Schwierigkeiten, weil sein weißfeldriger Läufer außer Spiel bleibt; auch
hat er keinen Mehrbauern, und seine Königsstellung ist luftig.}) 26... Rd8 27.
b3 Rxd4 28. Qe2 Na3 ({Die Forsetzung} 28... Nd6 29. Be3 Nxe4 30. Rf1 Nc3 31.
Qf3 Nd5 32. Bxd4 Qxd4+ 33. Kh1 Bd6 34. Rc1 Nxf4 {wäre für Weiß auch unbequem
gewesen; der Textzug ist einfacher.}) 29. Bb2 (29. Be3 Bc5 30. Bxd4 Bxd4 31.
Kg2 Bxf2 32. Qxf2 Qc7 {gefolgt von Sa3-b1-c3 ist ebenfalls kein Honiglecken
für Weiß.}) 29... Bc5 30. Kg2 Rd8 {Jetzt bleiben die Türme auf dem Brett, und
dadurch wird die unsichere Stellung des weißen Königs noch deutlicher fühlbar.
Ich glaube nicht, daß es noch Rettungsmöglichkeiten für Weiß gibt.} 31. Rf3 Bd4
32. Bc1 Rc8 33. Qd1 Nb1 34. Rd3 Nc3 35. Qc2 Rd8 36. Rd2 e5 37. fxe5 Bxe5 (37...
Qe6 {scheint mir wesentlich genauer zu sein.}) 38. Rf2 (38. Rxd8+ Qxd8 39. Be3
{sollte versucht werden.}) 38... Qb7 39. Bb2 $6 {Dies erleichtert die Aufgabe
des Schwarzen, aber es gibt ohnehin keine Rettung für Weiß.} Nd1 40. Bc6 Qb6
41. Bxe5 Ne3+ 42. Kf3 Nxc2 0-1